|
|
|
|
| LEADER |
01990nam a2200361 a 4500 |
| 001 |
2557430 |
| 003 |
BD-DhAAL |
| 008 |
091025s1994 bg b 000 0 eng d |
| 999 |
|
|
|c 5234
|d 5234
|
| 010 |
|
|
|a 94906481
|
| 020 |
|
|
|a 9840512714
|
| 040 |
|
|
|a DLC
|c DLC
|d DLC
|d BD-DhAAL
|
| 082 |
0 |
0 |
|a 350.095492
|2 20
|
| 100 |
1 |
|
|a Alam, Muhammad Mustafa.
|9 36313
|
| 245 |
1 |
0 |
|a Development through decentralization in Bangladesh :
|b evidence and perspective /
|c Muhammad Mustafa Alam, Ahmed Shafiqul Haque and Kirsten Westergaard.
|
| 260 |
|
|
|a Dhaka :
|b University Press,
|c 1994.
|
| 300 |
|
|
|a 107 pages :
|b illustrations ;
|c 22 cm.
|
| 504 |
|
|
|a Includes bibliographical references.
|
| 526 |
|
|
|a BIED
|
| 541 |
1 |
|
|a Complimentary copy from BIED
|e 00006578, 35843
|
| 650 |
|
0 |
|a Decentralization in government
|z Bangladesh
|x Case studies.
|9 36314
|
| 651 |
|
0 |
|a Pataukhali District (Bangladesh)
|x Politics and government.
|9 36315
|
| 651 |
|
0 |
|a Barguna (Bangladesh)
|x Politics and government.
|9 36316
|
| 651 |
|
0 |
|a Pataukhali District (Bangladesh)
|x Economic policy.
|9 36317
|
| 651 |
|
0 |
|a Barguna (Bangladesh)
|x Economic policy.
|9 36318
|
| 700 |
1 |
|
|a Haque, Ahmed Shafiqul.
|9 36319
|
| 700 |
1 |
|
|a Westergaard, Kirsten.
|9 36320
|
| 852 |
|
|
|a Ayesha Abed Library
|c General Stacks
|
| 942 |
|
|
|2 ddc
|c BK
|
| 952 |
|
|
|0 0
|1 0
|2 ddc
|4 0
|6 350_095492000000000_ALA_1994
|7 0
|9 5079
|a BRACUL
|b BRACUL
|c GEN
|d 2009-11-08
|g 250.00
|l 0
|o 350.095492 ALA
|p 3010006578
|r 2009-11-08
|t 1
|v 500.00
|w 2009-11-08
|y BK
|
| 952 |
|
|
|0 0
|1 0
|2 ddc
|4 0
|6 350_095492000000000_ALA
|7 0
|9 42925
|a SCL
|b SCL
|c GEN
|d 1998-11-12
|g 250.00
|l 0
|o 350.095492 ALA
|p 3020000535
|r 2014-07-06
|t 2
|w 2014-07-06
|y BK
|
| 952 |
|
|
|0 0
|1 0
|2 ddc
|4 0
|6 350_095492000000000_ALA
|7 0
|9 43691
|a IGS
|b IGS
|d 2007-11-29
|g 250.00
|l 0
|o 350.095492 ALA
|p 3010016799
|r 2014-09-08
|t 3
|w 2014-09-08
|y BK
|
| 952 |
|
|
|0 0
|1 0
|2 ddc
|4 0
|6 350_095492000000000_ALA
|7 0
|9 66899
|a BRACUL
|b BRACUL
|c GEN
|d 2019-10-22
|e Complimentary copy from BIED
|l 0
|o 350.095492 ALA
|p 3010035843
|r 2019-10-22
|t 4
|w 2019-10-22
|y BK
|x Transferred from BIED to General Stacks
|